Tragedias (Record no. 28983)
[ view plain ]
| 000 -LEADER | |
|---|---|
| campo de control de longitud fija | 01224nam a2200253 i 4500 |
| 001 - NÚMERO DE CONTROL | |
| campo de control | 28983 |
| 003 - IDENTIFICADOR DE NÚMERO DE CONTROL | |
| campo de control | ES-MaACL |
| 005 - FECHA Y HORA DE LA ÚLTIMA TRANSACCIÓN | |
| campo de control | 20230909063104.0 |
| 007 - CAMPO FIJO DE DESCRIPCIÓN FÍSICA--INFORMACIÓN GENERAL | |
| campo de control de longitud fija | t| |
| 008 - DATOS DE LONGITUD FIJA--INFORMACIÓN GENERAL | |
| campo de control de longitud fija | 030120s1891 sp ||||1| spa d |
| 080 ## - NÚMERO DE LA CLASIFICACIÓN DECIMAL UNIVERSAL | |
| Número de la Clasificación Decimal Universal | 821.134.1-23"18" |
| 100 1# - ENTRADA PRINCIPAL--NOMBRE DE PERSONA | |
| Nombre de persona | Balaguer, Víctor, |
| Fechas asociadas al nombre | 1824-1901 |
| 9 (RLIN) | 24806 |
| 245 10 - MENCIÓN DEL TÍTULO | |
| Título | Tragedias |
| Resto del título | : texto catalán y traducciones en verso castellano por distinguidos poetas / |
| Mención de responsabilidad, etc. | Víctor Balaguer. |
| 260 ## - PUBLICACIÓN, DISTRIBUCIÓN, ETC. | |
| Lugar de publicación, distribución, etc. | Barcelona : |
| Nombre del editor, distribuidor, etc. | [s.n.], |
| Fecha de publicación, distribución, etc. | 1891 ( |
| Fabricante | Tipo-Litogr. de Luis Tasso) |
| 300 ## - DESCRIPCIÓN FÍSICA | |
| Extensión | 2 v. ; |
| Dimensiones | 22 cm. |
| 490 1# - MENCIÓN DE SERIE | |
| Mención de serie | Obras de Víctor Balaguer ; |
| Designación de volumen o secuencia | 28-29 |
| 505 0# - NOTA DE CONTENIDO CON FORMATO | |
| Nota de contenido con formato | 1. La muerte de Aníbal ; Coriolano ; La sombra de César ; La fiesta de Tíbulo ; La muerte de Nerón. Safo ; La tragedia de Llivia ; La última hora de Colón - 2. El guante del degollado. Los esponsales de la muerta ; Los Pirineos: trilogía precedida de un prólogo |
| 530 ## - NOTA DISPONIBLE DE FORMULARIO FÍSICO ADICIONAL | |
| Nota de formato físico adicional disponible | Disponible en formato digital. |
| 546 ## - NOTA DE IDIOMA | |
| Nota de lengua/lenguaje | Texto en catalán y traducción en castellano; introducción en castellano. |
| 830 1# - PUNTO DE ACCESO ADICIONAL DE SERIE-TÍTULO UNIFORME | |
| Título uniforme | Obras de Víctor Balaguer ; |
| Designación de volumen o secuencia | 28-29 |
| 9 (RLIN) | 181206 |
| 852 ## - LOCALIZACIÓN | |
| Ubicación | ES-MaACL |
| Número de control de estantería | B-384-85 |
| 856 ## - LOCALIZACIÓN Y ACCESO ELECTRÓNICOS | |
| Identificador Uniforme de Recursos | <a href="http://bdh-rd.bne.es/viewer.vm?id=0000022913&page=1 ">http://bdh-rd.bne.es/viewer.vm?id=0000022913&page=1 </a> |
| Nota pública | Biblioteca Digital Hispánica |
| Estatus retirado | Estado de pérdida | Estado de daño | No para préstamo | Colección | Biblioteca de origen | Biblioteca actual | Ubicación en estantería | Fecha de adquisición | Fuente de adquisición | Total de préstamos | Signatura topográfica completa | Código de barras | Visto por última vez | Precio de reemplazo | Tipo de ítem Koha |
|---|---|---|---|---|---|---|---|---|---|---|---|---|---|---|---|
| Colección digital | Biblioteca del Ateneo de Madrid | Biblioteca del Ateneo de Madrid | Sala Pardo Bazán | 17/01/2008 | B-384-85 | 1029923 | 23/02/2023 | 23/02/2023 | Libro impreso antiguo |
